[Event "21st Czech GM Open"]
[Site "Pardubice CZE"]
[Date "2010.07.28"]
[Round "6"]
[White "Palecek,P"]
[Black "Cioara,A"]
[Result "1/2-1/2"]
[WhiteElo "2252"]
[BlackElo "2427"]
[EventDate "2010.07.23"]

1. e4 e6 2. d4 d5 3. Nc3 Bb4 4. e5 c5 5. a3 Ba5 6. Bd2 Nc6 7. dxc5 Nxe5 8.
Nb5 Bc7 9. f4 Ng6 10. g3 Nf6 11. Bg2 O-O 12. Nf3 Ne4 13. b4 Bd7 14. Nbd4 f6
15. O-O e5 16. f5 Ne7 17. Ne6 Bxe6 18. fxe6 b6 19. c4 bxc5 20. cxd5 Qxd5
21. Be3 Qxe6 22. Nh4 Rad8 23. Qc2 Nd6 24. Rac1 Nb5 25. Bxc5 Bb6 26. Nf3 Rc8
27. a4 Nd6 28. Qe2 Nc6 29. Bxb6 axb6 30. Rxc6 Rxc6 31. Nd4 Qc4 32. Bxc6
Qxd4+ 33. Kh1 Qxb4 34. Rd1 Rd8 35. Qa2+ Kh8 36. Qe6 Qc5 37. Be4 Qc7 38. Bb1
Qd7 39. Qb3 g6 40. Qxb6 Qb7+ 41. Qxb7 Nxb7 42. Rxd8+ Nxd8 43. Be4 Ne6 44.
a5 Nc7 45. Bd3 Kg7 46. a6 f5 47. a7 Kf6 48. Ba6 1/2-1/2

[Event "21st Czech GM Open"]
[Site "Pardubice CZE"]
[Date "2010.07.28"]
[Round "6"]
[White "Linster,P"]
[Black "Ageichenko,G"]
[Result "1-0"]
[WhiteElo "2244"]
[BlackElo "2402"]
[EventDate "2010.07.23"]

1. d4 Nf6 2. c4 g6 3. Nc3 Bg7 4. e4 d6 5. Nf3 O-O 6. Be2 e5 7. O-O Nc6 8.
d5 Ne7 9. b4 Kh8 10. c5 Neg8 11. a4 Nh5 12. Re1 Nf4 13. Bf1 Bh6 14. Nd2 g5
15. Nc4 f5 16. cxd6 cxd6 17. Bb2 Rf6 18. Ne3 Bg7 19. exf5 Bxf5 20. Nxf5
Rxf5 21. g3 Ng6 22. Bd3 Rf7 23. Qh5 Nf6 24. Qxg5 Qb6 25. Re2 Raf8 26. Rf1
Ne7 27. Qh4 e4 28. Nxe4 Ng6 29. Qh3 Nxe4 30. Bxe4 Kg8 31. Bxg7 Kxg7 32.
Bxg6 hxg6 33. Qh4 a5 34. bxa5 Qxa5 35. Qd4+ Rf6 36. Re7+ R8f7 37. Rxf7+
Kxf7 38. Rb1 Qc7 39. Qb6 Qc2 40. Qxb7+ Kg8 41. Qb2 Rxf2 42. Qxc2 Rxc2 43.
Ra1 Kf7 44. a5 Kf6 45. a6 Rc8 46. a7 Ra8 47. Kg2 Ke5 48. Ra5 Kd4 49. h4 Kc4
50. g4 Kb4 51. Ra1 Kc5 52. h5 gxh5 53. gxh5 Kxd5 54. h6 Kc6 55. h7 Kb7 56.
Kf3 d5 57. Rb1+ 1-0

[Event "21st Czech GM Open"]
[Site "Pardubice CZE"]
[Date "2010.07.28"]
[Round "6"]
[White "Koepke,C"]
[Black "Nakar,Ey"]
[Result "0-1"]
[WhiteElo "2381"]
[BlackElo "2287"]
[EventDate "2010.07.23"]

1. e4 e6 2. d4 d5 3. Nc3 Nf6 4. e5 Nfd7 5. f4 c5 6. Nf3 Nc6 7. Be3 Be7 8.
Qd2 O-O 9. dxc5 Bxc5 10. Bxc5 Nxc5 11. O-O-O Qa5 12. h4 Rb8 13. Qe3 Bd7 14.
Rh3 Rfc8 15. Nd4 b5 16. Nxc6 Rxc6 17. Kb1 b4 18. Ne2 Rc7 19. Nd4 Ba4 20.
Bd3 Rbc8 21. Rc1 Qb6 22. Rhh1 Bd7 23. g4 Nxd3 24. Qxd3 Rc4 25. Rcd1 Ba4 26.
Rh2 Qc5 27. b3 Rc3 28. Qd2 Bb5 29. Rc1 Bd3 30. Nf3 Be4 31. Ng5 h6 32. Nxe4
dxe4 33. Re2 e3 34. Qd7 a5 35. Qb7 a4 36. g5 a3 37. Qe4 Rxb3+ 38. axb3 Qc3
0-1

[Event "21st Czech GM Open"]
[Site "Pardubice CZE"]
[Date "2010.07.28"]
[Round "6"]
[White "Schlosser,P"]
[Black "Baryshpolets,A"]
[Result "1-0"]
[WhiteElo "2575"]
[BlackElo "2450"]
[EventDate "2010.07.23"]

1. d4 Nf6 2. c4 g6 3. Nc3 Bg7 4. e4 d6 5. Nge2 O-O 6. Ng3 e5 7. d5 a5 8.
Be2 Na6 9. h4 c6 10. h5 cxd5 11. exd5 Nc5 12. hxg6 fxg6 13. Be3 Qb6 14. O-O
Qc7 15. a3 Bf5 16. b4 axb4 17. axb4 Rxa1 18. Qxa1 Nce4 19. Ngxe4 Nxe4 20.
c5 Rc8 21. Rc1 Qd8 22. Nxe4 Bxe4 23. Bg4 Ra8 24. Be6+ Kh8 25. Qxa8 Qxa8 26.
cxd6 Bxd5 27. Bxd5 Qd8 28. Bxb7 Qxd6 29. Rc8+ Bf8 30. Bf3 e4 31. Bh6 1-0

[Event "21st Czech GM Open"]
[Site "Pardubice CZE"]
[Date "2010.07.28"]
[Round "6"]
[White "Polak,T"]
[Black "Berger,Stev"]
[Result "1-0"]
[WhiteElo "2544"]
[BlackElo "2432"]
[EventDate "2010.07.23"]

1. d4 g6 2. c4 Bg7 3. e4 Nc6 4. Nf3 e5 5. d5 Nd4 6. Nxd4 exd4 7. Bd3 d6 8.
O-O Nf6 9. Bg5 h6 10. Bh4 c6 11. Nd2 Qb6 12. c5 dxc5 13. Nc4 Qd8 14. dxc6
b5 15. e5 bxc4 16. exf6 Bxf6 17. c7 Qd6 18. Re1+ Kf8 19. Bxf6 Qxf6 20. Be4
Qb6 21. Bxa8 1-0

[Event "21st Czech GM Open"]
[Site "Pardubice CZE"]
[Date "2010.07.28"]
[Round "6"]
[White "Potapov,Alexa1"]
[Black "Simacek,P"]
[Result "1/2-1/2"]
[WhiteElo "2426"]
[BlackElo "2532"]
[EventDate "2010.07.23"]

1. d4 Nf6 2. c4 c5 3. d5 e6 4. Nc3 exd5 5. cxd5 d6 6. e4 g6 7. h3 Bg7 8.
Nf3 O-O 9. Bd3 b5 10. Bxb5 Nxe4 11. Nxe4 Qa5+ 12. Nfd2 Qxb5 13. Nxd6 Qa6
14. N2c4 Nd7 15. O-O Ne5 16. Nxe5 Bxe5 17. Nxc8 Raxc8 18. Re1 Rfe8 19. Bg5
Bd4 20. Be7 Bxf2+ 21. Kxf2 Rxe7 22. Rxe7 Qf6+ 23. Qf3 Qxe7 24. Rd1 Rd8 25.
Qf4 Kg7 26. b3 Qf6 27. Kg3 Qc3+ 28. Kh2 Qf6 29. Kg3 Qc3+ 30. Kh2 1/2-1/2

[Event "21st Czech GM Open"]
[Site "Pardubice CZE"]
[Date "2010.07.28"]
[Round "6"]
[White "Kunte,A"]
[Black "Rojicek,V"]
[Result "1-0"]
[WhiteElo "2521"]
[BlackElo "2423"]
[EventDate "2010.07.23"]

1. d4 Nf6 2. c4 g6 3. g3 Bg7 4. Bg2 O-O 5. Nc3 d6 6. Nf3 Nc6 7. O-O a6 8.
d5 Na5 9. Nd2 c5 10. Qc2 Rb8 11. b3 b5 12. Rb1 Bf5 13. e4 Bd7 14. Bb2 e5
15. Ne2 h5 16. h3 Nh7 17. f4 bxc4 18. bxc4 Rxb2 19. Rxb2 exf4 20. gxf4 g5
21. Rbb1 gxf4 22. Rxf4 Ng5 23. Qd3 Be5 24. Rbf1 Qe7 25. Rh4 Rb8 26. Rxh5
Rb2 27. Nf4 Rxd2 28. Qxd2 Nxc4 29. Qe1 Ne3 30. Qg3 f6 31. Rf2 Bd4 32. Kh1
Nf5 33. exf5 Qe1+ 34. Kh2 Bxf2 35. Rxg5+ fxg5 36. Qxg5+ Kf7 37. Bf3 Qe5 38.
Bh5+ Kf8 39. Kg2 Qb2 40. Ng6+ Kg7 41. Ne5+ Kh8 42. Nf7+ Kh7 43. Qg6+ 1-0

[Event "21st Czech GM Open"]
[Site "Pardubice CZE"]
[Date "2010.07.28"]
[Round "6"]
[White "Fernandez,Dan SIN"]
[Black "Lalith,B"]
[Result "0-1"]
[WhiteElo "2401"]
[BlackElo "2502"]
[EventDate "2010.07.23"]

1. e4 c6 2. c4 d5 3. cxd5 cxd5 4. exd5 Nf6 5. Bb5+ Bd7 6. Bc4 b5 7. Be2
Nxd5 8. Nf3 e6 9. O-O Nf4 10. d4 Nxe2+ 11. Qxe2 Be7 12. Ne5 O-O 13. Qe4 Na6
14. Qb7 Nc7 15. Bf4 Bc8 16. Qf3 Nd5 17. Nc6 Qb6 18. Nxe7+ Nxe7 19. Qxa8 Bb7
20. Qxf8+ Kxf8 21. Nc3 b4 22. Ne2 Nd5 23. Be3 Qc6 24. Rac1 Nc3 25. Nf4 Ne2+
26. Kh1 Qe4 27. Rfe1 Nxf4 28. f3 Qf5 29. Rc7 Nxg2 0-1

[Event "21st Czech GM Open"]
[Site "Pardubice CZE"]
[Date "2010.07.28"]
[Round "6"]
[White "Raykhman,A"]
[Black "Miron,L"]
[Result "0-1"]
[WhiteElo "2362"]
[BlackElo "2497"]
[EventDate "2010.07.23"]

1. d4 d5 2. c4 e6 3. Nc3 c5 4. cxd5 cxd4 5. Qa4+ Bd7 6. Qxd4 exd5 7. Qxd5
Nc6 8. Nf3 Nf6 9. Qd1 Bc5 10. e3 Qe7 11. Bb5 O-O-O 12. Qe2 g5 13. O-O g4
14. Bxc6 Bxc6 15. Nd4 Bd7 16. b3 Rhg8 17. Bb2 Kb8 18. Rfd1 h5 19. Na4 Bd6
20. Nb5 Bxb5 21. Qxb5 Bxh2+ 22. Kxh2 g3+ 23. Kh1 Rxd1+ 24. Rxd1 Ng4 25. Qd7
Qh4+ 26. Kg1 gxf2+ 27. Kf1 Nxe3+ 28. Ke2 Nxd1 29. Qd6+ Ka8 30. Nb6+ axb6
31. Qa3+ Kb8 32. Be5+ Kc8 33. Qc1+ Kd7 34. Qxd1+ Ke6 35. Qd6+ Kf5 36. Qd5
0-1

[Event "21st Czech GM Open"]
[Site "Pardubice CZE"]
[Date "2010.07.28"]
[Round "6"]
[White "Safarli,E"]
[Black "Geske,J"]
[Result "1-0"]
[WhiteElo "2603"]
[BlackElo "2348"]
[EventDate "2010.07.23"]

1. e4 e5 2. Nf3 Nc6 3. Bb5 a6 4. Ba4 Nf6 5. Qe2 b5 6. Bb3 Bc5 7. O-O O-O 8.
c3 d5 9. exd5 e4 10. dxc6 exf3 11. Qxf3 Bg4 12. Qg3 Be2 13. d4 Bd6 14. Qh4
Bxf1 15. Kxf1 Re8 16. Be3 Re4 17. Qh3 Ng4 18. Nd2 Nxe3+ 19. fxe3 Rh4 20.
Qf3 Rxh2 21. Bxf7+ Kh8 22. Ke2 Qg5 23. Ne4 Qxg2+ 24. Qxg2 Rxg2+ 25. Kf3
Rxb2 26. Nxd6 cxd6 27. Ke4 Rc2 28. Kd5 Rd8 29. Be6 Rxc3 30. Bd7 g5 31. Kxd6
Kg7 32. e4 h5 33. e5 g4 34. e6 Rh8 35. e7 Kf7 36. Rf1+ Rf3 37. e8=Q+ Rxe8
38. Bxe8+ 1-0

[Event "21st Czech GM Open"]
[Site "Pardubice CZE"]
[Date "2010.07.28"]
[Round "6"]
[White "Shomoev,A"]
[Black "Studnicka,Toma"]
[Result "1-0"]
[WhiteElo "2561"]
[BlackElo "2346"]
[EventDate "2010.07.23"]

1. e4 c5 2. Nf3 Nc6 3. d4 cxd4 4. Nxd4 g6 5. Nc3 Bg7 6. Be3 Nf6 7. Bc4 O-O
8. Bb3 d6 9. f3 Bd7 10. h4 Na5 11. h5 Nxh5 12. Qd2 Nxb3 13. axb3 Ng3 14.
Rh2 e5 15. Bh6 Nh5 16. Nde2 f6 17. g4 Nf4 18. Bxg7 Kxg7 19. Nxf4 exf4 20.
Qxf4 Rf7 21. Qxd6 a6 22. O-O-O Qb8 23. Qd2 Bc6 24. Rdh1 Kg8 25. Qh6 Rg7 26.
Qxg7+ Kxg7 27. Rxh7+ Kg8 28. Rh8+ Kf7 29. R1h7+ Ke6 30. Rxb8 Rxb8 31. Ne2
Be8 32. Kd2 b5 33. Ke3 a5 34. Nf4+ Kd6 35. Rh8 Rc8 36. Nxg6 Kd7 37. Rh7+
Kd6 38. Ne7 Rd8 39. Nd5 1-0

[Event "21st Czech GM Open"]
[Site "Pardubice CZE"]
[Date "2010.07.28"]
[Round "6"]
[White "Nithander,V"]
[Black "Hirneise,J"]
[Result "1/2-1/2"]
[WhiteElo "2409"]
[BlackElo "2276"]
[EventDate "2010.07.23"]

1. d4 d5 2. c4 c6 3. Nf3 Nf6 4. e3 Bf5 5. Nbd2 e6 6. Be2 Nbd7 7. O-O Bd6 8.
c5 Bc7 9. b4 O-O 10. Bb2 Re8 11. Ne5 h6 12. f4 Nxe5 13. dxe5 Nd7 14. Bf3 a5
15. a3 axb4 16. axb4 Bd3 17. Rf2 Rxa1 18. Bxa1 Qa8 19. Bd4 Qa6 20. Nb1 Ra8
21. Rd2 Bc4 1/2-1/2

[Event "21st Czech GM Open"]
[Site "Pardubice CZE"]
[Date "2010.07.28"]
[Round "6"]
[White "Blomqvist,E"]
[Black "Zadruzny,N"]
[Result "1/2-1/2"]
[WhiteElo "2407"]
[BlackElo "2253"]
[EventDate "2010.07.23"]

1. e4 d6 2. d4 Nf6 3. Nc3 g6 4. Be3 c6 5. Qd2 b5 6. f3 Nbd7 7. h4 Nb6 8.
Bd3 Bg7 9. Bh6 Bxh6 10. Qxh6 Qc7 11. a3 a6 12. Nge2 c5 13. dxc5 dxc5 14.
Nf4 Be6 15. O-O-O O-O-O 16. Kb1 Qe5 17. Qg5 Qc7 18. e5 Nfd5 19. Ncxd5 Bxd5
20. Rhe1 h6 21. Qg4+ e6 1/2-1/2

[Event "21st Czech GM Open"]
[Site "Pardubice CZE"]
[Date "2010.07.28"]
[Round "6"]
[White "Galburd,Y"]
[Black "Csiba,D"]
[Result "0-1"]
[WhiteElo "2301"]
[BlackElo "2393"]
[EventDate "2010.07.23"]

1. d4 Nf6 2. c4 e6 3. Nf3 c5 4. d5 exd5 5. cxd5 Bd6 6. g3 O-O 7. Bg2 Bc7 8.
O-O d6 9. b3 Nbd7 10. Bb2 b5 11. Nbd2 Re8 12. e4 Ba5 13. Re1 c4 14. bxc4
bxc4 15. Bd4 Ne5 16. Qc2 Ba6 17. Nxe5 dxe5 18. Bc3 Rc8 19. Bh3 Rc5 20. Rec1
Bxc3 21. Qxc3 Qc7 22. Rab1 h6 23. Rb4 Rb8 24. a3 Ne8 25. Nb3 cxb3 26. Qxc5
Qxc5 0-1

[Event "21st Czech GM Open"]
[Site "Pardubice CZE"]
[Date "2010.07.28"]
[Round "6"]
[White "Gorbatov,A"]
[Black "Mattick,L"]
[Result "1-0"]
[WhiteElo "2390"]
[BlackElo "2248"]
[EventDate "2010.07.23"]

1. Nf3 c5 2. e4 e6 3. d4 cxd4 4. Nxd4 a6 5. c4 Nf6 6. Bd3 Nc6 7. Nxc6 dxc6
8. Qe2 e5 9. Nd2 Be6 10. O-O Qc7 11. Nb3 a5 12. Be3 a4 13. Nc5 Qa5 14. Nxe6
fxe6 15. Qf3 O-O-O 16. Rfd1 Bc5 17. Bc2 Rxd1+ 18. Rxd1 Bxe3 19. Qxe3 Rd8
20. Rxd8+ Kxd8 21. a3 Kc7 22. Kf1 Qb6 23. Qc3 Ng4 24. c5 Qb5+ 25. Ke1 Kc8
26. f3 Nf6 27. Bd3 1-0

[Event "21st Czech GM Open"]
[Site "Pardubice CZE"]
[Date "2010.07.28"]
[Round "6"]
[White "Batchuluun,T"]
[Black "Borisenko,V"]
[Result "1-0"]
[WhiteElo "2388"]
[BlackElo "2226"]
[EventDate "2010.07.23"]

1. d4 d5 2. c4 dxc4 3. Nf3 Nf6 4. e3 e6 5. Bxc4 a6 6. O-O c5 7. Bb3 Nc6 8.
Nc3 Be7 9. Qe2 cxd4 10. Rd1 O-O 11. exd4 Nb4 12. Ne5 Bd7 13. Bg5 Rc8 14. a3
Nc6 15. d5 exd5 16. Nxd7 Qxd7 17. Bxd5 Nxd5 18. Nxd5 Bd6 19. Nb6 Qc7 20.
Nxc8 Rxc8 21. h3 h6 22. Be3 Bh2+ 23. Kh1 Be5 24. Rd5 Ne7 25. Bb6 Qxb6 26.
Rxe5 Ng6 27. Re8+ Rxe8 28. Qxe8+ Kh7 29. Qxf7 Qxb2 30. Rd1 Qxa3 31. Rd7
Qa1+ 32. Kh2 b5 33. f4 a5 34. Rd8 h5 35. Qf5 1-0

[Event "21st Czech GM Open"]
[Site "Pardubice CZE"]
[Date "2010.07.28"]
[Round "6"]
[White "Schulz,Je"]
[Black "Nun,Ji"]
[Result "1/2-1/2"]
[WhiteElo "2156"]
[BlackElo "2362"]
[EventDate "2010.07.23"]

1. e4 c5 2. Nf3 Nc6 3. d4 cxd4 4. Nxd4 Nf6 5. Nc3 e5 6. Ndb5 d6 7. Bg5 a6
8. Na3 b5 9. Bxf6 gxf6 10. Nd5 Bg7 11. g3 Ne7 12. Nxe7 Qxe7 13. Bg2 Rb8 14.
Qd3 O-O 15. O-O Be6 16. Rfd1 Rfd8 17. c4 Qd7 18. b3 f5 19. exf5 Bxf5 20.
Be4 Bg6 21. Bxg6 hxg6 22. Qd5 Qe8 23. cxb5 axb5 24. Rac1 b4 25. Nc2 Bh6 26.
Ne3 Bxe3 27. fxe3 Qe7 28. Rc6 Qa7 29. Kf2 Qxa2+ 30. Rd2 Qb1 31. Rxd6 Rxd6
32. Qxd6 Qf5+ 33. Ke2 Qg4+ 34. Kf2 Qf5+ 35. Ke2 Qg4+ 36. Kf2 Re8 37. Qd7
Re6 38. Kg1 Qg5 39. Qd8+ Qxd8 40. Rxd8+ Kg7 41. Rb8 Rc6 42. Rxb4 Rc2 43.
Rb5 Kf6 44. b4 Kf5 45. Rb7 f6 46. Rb6 g5 47. h3 Re2 48. g4+ Kg6 49. Rb8
1/2-1/2

[Event "21st Czech GM Open"]
[Site "Pardubice CZE"]
[Date "2010.07.28"]
[Round "6"]
[White "Seger,R"]
[Black "Gergel,V"]
[Result "1/2-1/2"]
[WhiteElo "2429"]
[BlackElo "2295"]
[EventDate "2010.07.23"]

1. e4 g6 2. d4 Bg7 3. Nf3 d6 4. c3 c6 5. Bd3 Nf6 6. O-O Qc7 7. Re1 e5 8.
dxe5 dxe5 9. Qc2 O-O 10. a4 Bg4 11. Nbd2 Nh5 12. h3 Be6 13. Bf1 Nf4 14. Ng5
h6 15. Nxe6 Nxe6 16. Nc4 Nd7 17. g3 Rfd8 18. h4 Ndf8 19. Be3 b5 20. axb5
cxb5 21. Na3 a6 22. Qe2 Qb7 23. Nc2 Nc7 24. Nb4 Nfe6 25. h5 g5 26. Bg2 a5
27. Nd5 b4 28. Ra4 bxc3 29. bxc3 Qb3 30. Rea1 Bf8 31. Rxa5 Rxa5 32. Rxa5
Nxd5 33. exd5 Qxc3 34. Ra2 Nd4 35. Bxd4 exd4 36. Rd2 Qc5 37. Kh2 Bg7 38.
Qe4 Bf6 39. Qf5 Bg7 40. Rc2 Qe7 41. Be4 Qf6 42. Rc8 Rxc8 43. Qxc8+ Bf8 44.
Qf5 1/2-1/2

[Event "21st Czech GM Open"]
[Site "Pardubice CZE"]
[Date "2010.07.28"]
[Round "6"]
[White "Yuffa,D"]
[Black "Lahiri,A"]
[Result "1-0"]
[WhiteElo "2187"]
[BlackElo "2353"]
[EventDate "2010.07.23"]

1. c4 g6 2. Nc3 Bg7 3. g3 d6 4. Bg2 e5 5. Nf3 f5 6. d3 Nf6 7. O-O O-O 8.
Rb1 a5 9. a3 Nc6 10. Nd2 Be6 11. b4 axb4 12. axb4 Rb8 13. b5 Ne7 14. Ba3 b6
15. Qb3 g5 16. Bb2 Qd7 17. Nd5 f4 18. Rfd1 Nexd5 19. cxd5 Bh3 20. Bh1 Qf5
21. Nf3 Nd7 22. Qc2 Nc5 23. Bc3 h5 24. Rd2 Bh6 25. Rbd1 g4 26. Nh4 Qf6 27.
f3 fxg3 28. hxg3 Be3+ 29. Kh2 Bf4 30. e3 Bxe3 31. d4 Bxd2 32. Rxd2 Nd7 33.
dxe5 dxe5 34. f4 Qd6 35. fxe5 Nxe5 36. Bxe5 Qxe5 37. d6 Qf6 38. dxc7 Rbc8
39. Qg6+ Qxg6 40. Nxg6 Rf7 41. Bd5 Kg7 42. Bxf7 Kxf7 43. Ne5+ 1-0

[Event "21st Czech GM Open"]
[Site "Pardubice CZE"]
[Date "2010.07.28"]
[Round "6"]
[White "Hansch,T"]
[Black "Nilsson,S"]
[Result "1/2-1/2"]
[WhiteElo "2163"]
[BlackElo "2342"]
[EventDate "2010.07.23"]

1. d4 Nf6 2. c4 g6 3. Nc3 Bg7 4. e4 d6 5. Nf3 O-O 6. h3 e5 7. dxe5 dxe5 8.
Qxd8 Rxd8 9. Nd5 Na6 10. Bg5 Rd6 11. Bxf6 Bxf6 12. O-O-O c6 13. Nxf6+ Rxf6
14. Rd8+ Kg7 15. Re8 Rd6 16. Nxe5 1/2-1/2

[Event "21st Czech GM Open"]
[Site "Pardubice CZE"]
[Date "2010.07.28"]
[Round "6"]
[White "Burger,H"]
[Black "Heidrich,Man"]
[Result "1/2-1/2"]
[WhiteElo "2110"]
[BlackElo "2329"]
[EventDate "2010.07.23"]

1. d4 f5 2. g3 Nf6 3. Bg2 g6 4. Nf3 Bg7 5. O-O d6 6. b3 O-O 7. Bb2 e6 8. c4
Qe7 9. Nc3 Nc6 10. e3 Bd7 11. d5 Nd8 12. dxe6 Nxe6 13. Nd4 c6 14. Ba3 Rad8
15. Rc1 Bc8 16. Nxe6 Bxe6 17. Qc2 Rd7 18. Rfd1 Rfd8 19. Ne2 Qe8 20. Nf4 Bf7
21. Bb2 Ng4 22. Bxg7 Kxg7 23. h3 Nf6 24. Rd4 d5 25. cxd5 Nxd5 26. Nxd5 Bxd5
27. Qc3 Kg8 28. Bxd5+ Rxd5 29. Rcd1 Qf7 30. R1d3 a6 31. Qd2 Rxd4 1/2-1/2

[Event "21st Czech GM Open"]
[Site "Pardubice CZE"]
[Date "2010.07.28"]
[Round "6"]
[White "Miller,E"]
[Black "Radovanovic,J"]
[Result "0-1"]
[WhiteElo "2092"]
[BlackElo "2329"]
[EventDate "2010.07.23"]

1. e4 c5 2. Nf3 e6 3. c3 d5 4. exd5 exd5 5. d4 Nf6 6. Bb5+ Bd7 7. Qe2+ Be7
8. dxc5 O-O 9. Be3 Re8 10. b4 Ne4 11. Bxd7 Qxd7 12. O-O a5 13. Bd4 Nc6 14.
Qb2 axb4 15. cxb4 Nxd4 16. Nxd4 Bf6 17. Rd1 Qg4 18. f3 Qf4 19. g3 Nxg3 20.
hxg3 Qxg3+ 21. Kf1 Bxd4 22. Qxd4 Qxf3+ 23. Kg1 Re2 0-1

[Event "21st Czech GM Open"]
[Site "Pardubice CZE"]
[Date "2010.07.28"]
[Round "6"]
[White "Bakalarz,M"]
[Black "Tomazini,Z"]
[Result "1-0"]
[WhiteElo "2324"]
[BlackElo "2188"]
[EventDate "2010.07.23"]

1. d4 Nf6 2. c4 g6 3. Nc3 Bg7 4. Nf3 O-O 5. Bf4 d6 6. e3 Nfd7 7. d5 e5 8.
dxe6 fxe6 9. Qd2 Nc5 10. Be2 Nc6 11. O-O b6 12. Rab1 a5 13. b3 Bb7 14. a3
Ne7 15. Qc2 h6 16. b4 axb4 17. axb4 Nd7 18. Rfd1 Nf5 19. h3 g5 20. Bh2 h5
21. Nd4 Bxd4 22. exd4 Qf6 23. Bxh5 Nh4 24. f3 Ra3 25. Ne4 Bxe4 26. fxe4 Rc3
27. Qe2 Nb8 28. e5 Qe7 29. exd6 cxd6 30. Bg4 Nf5 31. c5 dxc5 32. Bxf5 Rxf5
33. Bxb8 cxb4 34. Be5 b3 35. Rd2 Qf7 36. Qe4 Rc8 37. Kh2 Rf8 38. Rxb3 g4
39. Qxg4+ Kh7 40. Rg3 Rg8 41. Qxg8+ Qxg8 42. Rxg8 Kxg8 43. Rb2 1-0

[Event "21st Czech GM Open"]
[Site "Pardubice CZE"]
[Date "2010.07.28"]
[Round "6"]
[White "Szablowski,P"]
[Black "Arndt,U"]
[Result "1-0"]
[WhiteElo "2321"]
[BlackElo "2049"]
[EventDate "2010.07.23"]

1. e4 c6 2. d4 d5 3. f3 g6 4. Nc3 Bg7 5. Be3 dxe4 6. fxe4 Nf6 7. Nf3 Ng4 8.
Bg1 e5 9. d5 O-O 10. Bc4 cxd5 11. Bxd5 Nc6 12. h3 Nf6 13. Bc5 Re8 14. O-O
Nxd5 15. exd5 Qa5 16. Bf2 e4 17. Re1 Rd8 18. Nd4 Nxd4 19. Bxd4 Bxd4+ 20.
Qxd4 f5 21. Rad1 Be6 22. Kh1 Rac8 23. g4 Rxc3 24. bxc3 Rxd5 25. Qf6 Bf7 26.
gxf5 gxf5 27. c4 Re5 28. Rg1+ Kf8 29. Rd8+ Re8 30. Qd6+ 1-0

[Event "21st Czech GM Open"]
[Site "Pardubice CZE"]
[Date "2010.07.28"]
[Round "6"]
[White "Cerveny,M"]
[Black "Raum,S"]
[Result "1/2-1/2"]
[WhiteElo "2318"]
[BlackElo "2034"]
[EventDate "2010.07.23"]

1. d4 Nf6 2. c4 g6 3. Nc3 Bg7 4. e4 d6 5. f3 O-O 6. Bg5 Nc6 7. Nge2 e5 8.
d5 Nd4 9. Nxd4 exd4 10. Qxd4 h6 11. Bxf6 Bxf6 12. Qd2 c6 13. Rd1 Qa5 14.
Be2 Bg7 15. O-O cxd5 16. Nxd5 Qxa2 17. Rb1 Be6 18. f4 Rae8 19. Kh1 Qb3 20.
Rf3 Qa2 21. Rff1 Qb3 22. Bd3 Bxd5 23. cxd5 Bf6 24. Rf3 Qb6 25. f5 Kg7 26.
fxg6 fxg6 27. Rbf1 Qxb2 28. Qxb2 Bxb2 29. Rb1 Rc8 30. e5 dxe5 31. Rxf8 Kxf8
32. g4 Rc1+ 33. Rxc1 Bxc1 34. d6 g5 35. Kg2 Ke8 36. Bf5 b5 37. Kf3 Ba3 38.
d7+ Kd8 39. Ke4 Bb2 40. Kd5 b4 41. Kc5 Bc3 42. h3 Kc7 43. Kb5 Bd2 44. Ka4
Be3 45. Kxb4 Bb6 46. Kb5 Kd6 47. Kc4 Kc6 48. Be4+ Kxd7 49. Kb5 Kd6 50. Bb7
Bf2 51. Ba8 a6+ 52. Kc4 Kc7 53. Be4 Kb6 54. Bd3 Ka5 55. Bc2 Bd4 56. Bd1 Bf2
57. Bc2 Bg1 58. Kc3 Kb5 59. Bd3+ Ka5 60. Bc2 Bf2 61. Kc4 1/2-1/2

[Event "21st Czech GM Open"]
[Site "Pardubice CZE"]
[Date "2010.07.28"]
[Round "6"]
[White "Khalafova,N"]
[Black "Fominykh,M"]
[Result "1/2-1/2"]
[WhiteElo "2063"]
[BlackElo "2313"]
[EventDate "2010.07.23"]

1. e4 c5 2. Nf3 d6 3. d4 cxd4 4. Nxd4 Nf6 5. Nc3 g6 6. Be3 Bg7 7. f3 O-O 8.
Qd2 Nc6 9. Bc4 Bd7 10. h4 Rc8 11. Bb3 Qa5 12. O-O-O Ne5 13. h5 Nc4 14. Bxc4
Rxc4 15. Nb3 Qc7 16. Bh6 Bxh6 17. Qxh6 Rxc3 18. bxc3 Qxc3 19. hxg6 fxg6 20.
Rd3 Qe5 21. Rd5 Qc3 22. Rd3 Qe5 23. Rd5 Qc3 24. Rd3 1/2-1/2

[Event "21st Czech GM Open"]
[Site "Pardubice CZE"]
[Date "2010.07.28"]
[Round "6"]
[White "Manik,M"]
[Black "Dauletova,G"]
[Result "1/2-1/2"]
[WhiteElo "2441"]
[BlackElo "2226"]
[EventDate "2010.07.23"]

1. e4 c5 2. Nf3 d6 3. d4 cxd4 4. Nxd4 Nf6 5. Nc3 g6 6. h3 Bg7 7. Bc4 O-O 8.
Bb3 Nc6 9. Be3 Bd7 10. O-O Nxd4 11. Bxd4 Bc6 12. e5 dxe5 13. Bxe5 b5 14.
Qxd8 Rfxd8 15. Rad1 b4 16. Rxd8+ Rxd8 17. Rd1 Rxd1+ 18. Nxd1 1/2-1/2

[Event "21st Czech GM Open"]
[Site "Pardubice CZE"]
[Date "2010.07.28"]
[Round "6"]
[White "Cappai,D"]
[Black "Schmidt Schaeffer,S"]
[Result "0-1"]
[WhiteElo "2220"]
[BlackElo "2431"]
[EventDate "2010.07.23"]

1. b3 d5 2. Bb2 c5 3. f4 Bg4 4. Nf3 Nc6 5. e3 Nf6 6. Be2 e6 7. O-O Be7 8.
h3 Bxf3 9. Bxf3 O-O 10. Nc3 Rc8 11. Ne2 Qb6 12. Rf2 Rfd8 13. Ng3 c4 14.
Bxf6 Bxf6 15. c3 Bh4 16. Kh2 e5 17. Bg4 Rc7 18. fxe5 Nxe5 19. Rf4 Nd3 20.
Rf3 Qd6 21. Bf5 Nf2 22. Qe2 Ne4 23. Bxe4 dxe4 24. Rf4 Bxg3+ 25. Kxg3 g5 0-1

[Event "21st Czech GM Open"]
[Site "Pardubice CZE"]
[Date "2010.07.28"]
[Round "6"]
[White "Kolmakov,P"]
[Black "Pozin,S"]
[Result "1-0"]
[WhiteElo "2213"]
[BlackElo "2414"]
[EventDate "2010.07.23"]

1. e4 c6 2. d4 d5 3. exd5 cxd5 4. Nf3 Nf6 5. c3 Nc6 6. Bf4 Bg4 7. Nbd2 e6
8. Be2 Bd6 9. Bxd6 Qxd6 10. O-O O-O 11. Ne5 Bxe2 12. Qxe2 Rab8 13. a3 Qc7
14. Ndf3 Na5 15. Rac1 b5 16. b4 Nc4 17. Nxc4 dxc4 18. Nd2 a5 19. f4 axb4
20. axb4 Ra8 21. f5 Rfe8 22. fxe6 Rxe6 23. Qf3 Ra2 24. Rf2 h6 25. Nf1 Qa7
26. Rcc2 Rxc2 27. Rxc2 Qa1 28. h3 Re1 29. Qf5 Qb1 30. Rf2 Qxf5 31. Rxf5 Ne4
32. Rxb5 Nxc3 33. Rb8+ Kh7 34. Kf2 Rd1 35. b5 Rxd4 36. b6 Na4 37. b7 Nc5
38. Rh8+ Kxh8 39. b8=Q+ Kh7 40. Qc7 Ne6 41. Qc8 Rf4+ 42. Kg1 Nd4 43. Ne3 c3
44. Nd5 Ne2+ 45. Kh2 Rd4 46. Ne7 h5 47. Qf5+ Kh6 1-0

[Event "21st Czech GM Open"]
[Site "Pardubice CZE"]
[Date "2010.07.28"]
[Round "6"]
[White "Figura,A"]
[Black "Umanec,F"]
[Result "1/2-1/2"]
[WhiteElo "2403"]
[BlackElo "2225"]
[EventDate "2010.07.23"]

1. d4 d5 2. c4 e6 3. Nc3 c6 4. e3 f5 5. Nf3 Nf6 6. Bd3 Bd6 7. O-O O-O 8. b3
Ne4 9. Bb2 Nd7 10. Ne2 b6 11. Ne5 Qc7 12. f4 Bb7 13. Rc1 Ndf6 14. cxd5 Nxd5
15. Rf3 Nef6 16. Rh3 Rac8 17. Nc3 Qe7 18. Nxd5 cxd5 19. Rxc8 Rxc8 20. Rf3
Qe8 21. Rf1 Rc7 22. h3 Ne4 23. Bxe4 dxe4 24. Nc4 1/2-1/2

[Event "21st Czech GM Open"]
[Site "Pardubice CZE"]
[Date "2010.07.29"]
[Round "7"]
[White "Danin,A"]
[Black "Rakhmanov,Ale"]
[Result "1/2-1/2"]
[WhiteElo "2509"]
[BlackElo "2590"]
[EventDate "2010.07.23"]

1. e4 e6 2. d4 d5 3. Nc3 Nf6 4. e5 Nfd7 5. f4 c5 6. Nf3 Nc6 7. Be3 Be7 8.
Qd2 O-O 9. Be2 a6 10. O-O b5 11. a3 Bb7 12. Nd1 Qc7 13. c3 Na5 14. Qe1 Nc4
15. Bf2 cxd4 16. Nxd4 Nc5 17. Bh4 Ne4 18. Bxe7 Qxe7 19. Bxc4 dxc4 20. Nf2
Nc5 21. Qe3 Rae8 22. Rae1 f5 23. exf6 gxf6 24. Qh3 Kh8 25. Re3 Rg8 26. Rg3
Nd3 27. Nxd3 cxd3 28. Rf2 Rxg3 29. Qxg3 Be4 30. Qe3 Qb7 31. Nf3 Qd5 32. Nd2
Bg6 33. Nf3 Qe4 34. Qxe4 Bxe4 35. Rd2 e5 36. fxe5 fxe5 37. Kf2 Bg6 38. Nh4
e4 39. Nxg6+ hxg6 40. Ke3 Kg7 41. Rf2 a5 42. a4 bxa4 43. c4 Re5 44. Rf1 Rg5
45. Rg1 Re5 46. Ra1 Kf6 47. Rxa4 Rc5 48. b3 Ke5 49. Ra2 1/2-1/2